00502nam a2200157Ia 450000500170000000800410001708200130005824500370007126000420010830000120015050000410016270000230020394200060022695200970023299900150032920250218012512.0240331s9999 xx 000 0 und d bMAHa954 4aThe Mahavamsa :bchapters XI-XVI aColombobM.D.Gunasena & Co. Ltdc1950 a79 p ., aThe Inauguration of Devanampiyatissa aPerera, T.M. eedt cL 001040708LaWERCLbWERCLcSSCd2024-03-31l0o 954.93 MAHp189r2024-03-31w2024-03-31yL c3491d3491